000 01088nam a2200289 i 4500
003 EG-GICUC
005 20260121101233.0
008 251117s1986 ua ||||fr|||| 00| 0 ara d
040 _a EG-GICUC
_bara
_c EG-GICUC
_d EG-GICUC
_erda
041 0 _hara
082 0 4 _221
_a345.23
_bم ح . ا
092 0 4 _221
099 _aLaw1 07 345.23 م ح . أ 1986
100 0 _aمحمد محمد بدران
_eمؤلف.
245 1 2 _aالإدارة المحلية :
_bدراسة في المفاهيم والمبادئ العلمية /
_cدكـتور محمد محمد بدران .
264 1 _aالقاهرة :
_bدار النهضة العربية ،
_c1986.
300 _a142 صفحة ؛
_c24 سم.
336 _2rda content
_atext
337 _2rda media
_aComputer
338 _2rda carrier
_aOnline Resource
504 _aيشتمل على إرجاعات ببليوجرافية
546 _aالنص باللغة العربية
650 1 _aالقانون الإداري
856 4 0 _uhttps://fll.law.cu.edu.eg/fulltext/bks/B07-00810.pdf
905 _a33
942 _2ddc
_cBK
_e21
_n0
999 _c43865
_d43865